[Event "SR 4. liga A21 2018/2019"]
[Site "?"]
[Date "2018.10.28"]
[Round "2.3"]
[White "Curidlo, Jan"]
[Black "Harasta, Marian"]
[Result "0-1"]
[WhiteElo "1873"]
[BlackElo "1657"]
[PlyCount "90"]
[EventDate "2018.??.??"]
[WhiteTeam "Å K KÃºpele PieÅ¡Å¥any B"]
[BlackTeam "Å K Skalica C"]

1. e4 c5 2. Nf3 Nc6 3. d4 cxd4 4. Nxd4 e5 5. Nb3 Nf6 6. Nc3 Bb4 7. Bd2 d6 8.
Be2 Bxc3 9. bxc3 Nxe4 10. Bd3 Nxd2 11. Nxd2 Qg5 12. Qf3 f5 13. Qd5 e4 14. Nxe4
Qe7 15. Bb5 Qxe4+ 16. Qxe4+ fxe4 17. O-O O-O 18. Rad1 Rd8 19. h3 Bf5 20. Rd2
Rd7 21. g4 Be6 22. a3 a6 23. Be2 b5 24. a4 Rb8 25. Rfd1 d5 26. axb5 axb5 27.
Rb1 Ne5 28. Kf1 Nc4 29. Rd4 Rbb7 30. Ke1 Rf7 31. Bf1 Na3 32. Rb2 Rfc7 33. Kd2
Nc4+ 34. Bxc4 bxc4 35. Ra2 Rf7 36. Ke2 Rf3 37. Ra8+ Kf7 38. Rd1 Rxh3 39. Rg1
Rxc3 40. Kd2 Rf3 41. Rg2 d4 42. Rd8 Rd7 43. Rh8 c3+ 44. Kc1 Ra7 45. Kb1 Ba2+
0-1

[Event "SR 4. liga A21 2018/2019"]
[Site "?"]
[Date "2018.10.28"]
[Round "2.3"]
[White "Bartos, Bohumil"]
[Black "Musaev, Matej Elbek"]
[Result "0-1"]
[WhiteElo "1559"]
[BlackElo "1639"]
[PlyCount "108"]
[EventDate "2018.??.??"]
[WhiteTeam "Å K Skalica C"]
[BlackTeam "Å K KÃºpele PieÅ¡Å¥any B"]

1. d4 d5 2. Nf3 Nf6 3. e3 e6 4. Bd3 Bd6 5. Nbd2 b6 6. O-O O-O 7. e4 dxe4 8.
Nxe4 h6 9. Qe2 Bb7 10. Bd2 Nxe4 11. Bxe4 Bxe4 12. Qxe4 Nd7 13. Rfe1 Nf6 14. Qd3
c5 15. dxc5 Bxc5 16. Qxd8 Rfxd8 17. Rad1 Rac8 18. b3 g5 19. c4 Rc6 20. Bc3 Rxd1
21. Rxd1 Bxf2+ 22. Kf1 e5 23. Bxe5 Bc5 24. Bb2 Re6 25. Rd8+ Kg7 26. a3 Be7 27.
Rd2 Kg8 28. Re2 Nd7 29. Rxe6 fxe6 30. Nd4 Bf6 31. Bc3 Nc5 32. b4 Ne4 33. Ba1
Nd2+ 34. Ke2 Nxc4 35. Kd3 Nxa3 36. Nb5 Bxa1 37. Nxa3 Be5 38. g3 Kf7 39. Nc4 Bc7
40. b5 e5 41. Ke4 Ke6 42. g4 Bd6 43. Ne3 Ba3 44. Nf5 Bc1 45. Nxh6 Bf4 46. h3
Kd6 47. Nf7+ Kc5 48. Nxe5 Bxe5 49. Kxe5 Kxb5 50. Kf5 a5 51. Kxg5 a4 52. Kf6 a3
53. g5 a2 54. g6 a1=Q+ 0-1

[Event "SR 4. liga A21 2018/2019"]
[Site "?"]
[Date "2018.10.28"]
[Round "2.3"]
[White "Sedlak, Rastislav"]
[Black "Danihel, Jozef"]
[Result "1/2-1/2"]
[WhiteElo "1670"]
[BlackElo "1521"]
[PlyCount "99"]
[EventDate "2018.??.??"]
[WhiteTeam "Å K KÃºpele PieÅ¡Å¥any B"]
[BlackTeam "Å K Skalica C"]

1. e4 d5 2. exd5 Nf6 3. d4 Nxd5 4. Nf3 e6 5. Bd3 c5 6. O-O cxd4 7. Nxd4 Bc5 8.
Nf3 O-O 9. a3 a6 10. Be4 Nf6 11. Nc3 Qc7 12. Bg5 Nbd7 13. h3 Nxe4 14. Nxe4 Ba7
15. c3 f6 16. Bh4 Ne5 17. Nxe5 Qxe5 18. Re1 Qc7 19. Qd6 Qxd6 20. Nxd6 e5 21.
Rad1 Be6 22. b4 b5 23. Kf1 Rab8 24. f3 Rfd8 25. Bf2 Bxf2 26. Kxf2 Kf8 27. Ne4
Ke7 28. Nc5 Bc8 29. Rxd8 Kxd8 30. g4 Ke7 31. f4 Kd6 32. Rd1+ Ke7 33. fxe5 f5
34. g5 Rb6 35. h4 h6 36. Kg3 hxg5 37. hxg5 Rg6 38. Kf4 Rc6 39. Rh1 Be6 40. Rh7
Kf7 41. Nxe6 Kxe6 42. Rxg7 Rc4+ 43. Ke3 Rxc3+ 44. Kd4 Rc4+ 45. Kd3 Kxe5 46.
Re7+ Kd6 47. Ra7 Ke5 48. g6 Rc6 49. g7 Rg6 50. Rxa6 1/2-1/2

[Event "SR 4. liga A21 2018/2019"]
[Site "?"]
[Date "2018.10.28"]
[Round "2.3"]
[White "Romanova, Ela"]
[Black "Skodacek, Peter"]
[Result "0-1"]
[WhiteElo "1341"]
[BlackElo "1323"]
[PlyCount "64"]
[EventDate "2018.??.??"]
[WhiteTeam "Å K Skalica C"]
[BlackTeam "Å K KÃºpele PieÅ¡Å¥any B"]

1. e4 d5 2. exd5 Qxd5 3. Nc3 Qd8 4. Nf3 Nf6 5. d4 Bg4 6. Be2 e6 7. Bg5 c6 8. h3
Bxf3 9. Bxf3 Nbd7 10. O-O Be7 11. Re1 O-O 12. Qd3 Re8 13. Rad1 Qb6 14. b3 Qa5
15. a4 Qxg5 16. Ne2 Qa5 17. Ng3 g6 18. h4 Bd6 19. Ne4 Nxe4 20. Qxe4 Nf6 21. Qd3
Rad8 22. g3 Bb4 23. Rf1 e5 24. Qc4 e4 25. Be2 Nd5 26. Bg4 b5 27. Qxc6 bxa4 28.
Qxa4 Qxa4 29. bxa4 f5 30. Be2 Nc3 31. Bc4+ Kg7 32. Rde1 Rxd4 0-1

[Event "SR 4. liga A21 2018/2019"]
[Site "?"]
[Date "2018.10.28"]
[Round "2.4"]
[White "Podjavorinsky, Michal"]
[Black "Madzo, Anton"]
[Result "1-0"]
[WhiteElo "1905"]
[BlackElo "1490"]
[PlyCount "73"]
[EventDate "2018.??.??"]
[WhiteTeam "ZÅ K VrbovÃ© A"]
[BlackTeam "ZÅ K VrbovÃ© B"]

1. e4 e5 2. f4 d6 3. Nf3 Bg4 4. Bc4 exf4 5. O-O Nf6 6. d4 Be7 7. Bxf4 O-O 8.
Nc3 Nbd7 9. e5 Nh5 10. exd6 cxd6 11. Bd2 Nb6 12. Bd3 Nf6 13. h3 Bxf3 14. Qxf3
Qc7 15. Qf5 g6 16. Qf3 d5 17. Bg5 Nh5 18. Bxe7 Qxe7 19. Nxd5 Nxd5 20. Qxd5 Rad8
21. Qe5 Qxe5 22. dxe5 Ng7 23. Rad1 Ne6 24. Bc4 Rxd1 25. Rxd1 Rd8 26. Rxd8+ Nxd8
27. Bd5 Kf8 28. Kf2 Ke7 29. Ke3 Ne6 30. Bxe6 Kxe6 31. Ke4 f5+ 32. exf6 Kxf6 33.
Kd5 Kf5 34. g3 g5 35. c4 b6 36. b4 h5 37. c5 1-0

[Event "SR 4. liga A21 2018/2019"]
[Site "?"]
[Date "2018.10.28"]
[Round "2.4"]
[White "Blatnicky, Miroslav"]
[Black "Oruzinsky, Juraj"]
[Result "1-0"]
[WhiteElo "2083"]
[BlackElo "1249"]
[PlyCount "71"]
[EventDate "2018.??.??"]
[WhiteTeam "ZÅ K VrbovÃ© A"]
[BlackTeam "ZÅ K VrbovÃ© B"]

1. e4 e5 2. Nf3 d6 3. d4 Nc6 4. Bc4 Nf6 5. dxe5 Nxe5 6. Nxe5 dxe5 7. Bxf7+ Ke7
8. Qxd8+ Kxd8 9. Bg5 Be7 10. Bxf6 Bxf6 11. Nc3 Bd7 12. O-O-O Ke7 13. Bd5 Bc6
14. Bxc6 bxc6 15. Rd3 Rhd8 16. Rhd1 Bg5+ 17. Kb1 Bf4 18. g3 Bh6 19. Na4 g5 20.
g4 Rxd3 21. Rxd3 Rd8 22. Rxd8 Kxd8 23. c3 Bf8 24. a3 c5 25. c4 Kd7 26. Kc2 Kc6
27. Kb3 Be7 28. Nc3 Bd6 29. Ka4 Kb6 30. Nd5+ Ka6 31. Nf6 c6 32. Ne8 Be7 33.
Nc7+ Kb6 34. Ne6 Bf6 35. Nf8 Be7 36. Nd7+ 1-0

[Event "SR 4. liga A21 2018/2019"]
[Site "?"]
[Date "2018.10.28"]
[Round "2.5"]
[White "Vodicka, Michal"]
[Black "Sadlon, Juraj"]
[Result "1-0"]
[WhiteElo "1827"]
[BlackElo "1909"]
[PlyCount "99"]
[EventDate "2018.??.??"]
[WhiteTeam "Å K KÃºpele PieÅ¡Å¥any C"]
[BlackTeam "CVÄŒ BrezovÃ¡ pod Bradlom"]

1. e4 e5 2. Nf3 Nc6 3. d4 exd4 4. Nxd4 Bc5 5. Be3 Qf6 6. c3 d6 7. Bb5 Bd7 8.
O-O Ne5 9. Bxd7+ Nxd7 10. Nd2 Ne7 11. N2f3 h6 12. Qb3 Bb6 13. a4 Nc5 14. Qc2 a6
15. b4 Nd7 16. a5 Ba7 17. Rae1 Ng6 18. Nf5 Bxe3 19. Nxe3 O-O 20. Nd5 Qd8 21.
Nd4 Nf6 22. Re3 Nxd5 23. exd5 Re8 24. Rfe1 Rxe3 25. Rxe3 Qd7 26. Qe2 Kf8 27.
Kf1 c5 28. dxc6 bxc6 29. Qf3 Ne5 30. Qe4 Re8 31. f4 c5 32. fxe5 cxd4 33. Qxd4
Qb5+ 34. Qd3 Rxe5 35. Qxb5 Rxb5 36. Ke2 f6 37. Kd3 Kf7 38. Kc4 f5 39. Kb3 d5
40. c4 dxc4+ 41. Kxc4 Kf6 42. Re8 Rb7 43. Ra8 Rc7+ 44. Kd5 Rd7+ 45. Kc6 Rd2 46.
Rxa6 Ke5 47. b5 Rxg2 48. b6 Rxh2 49. b7 Rb2 50. Rb6 1-0

[Event "SR 4. liga A21 2018/2019"]
[Site "?"]
[Date "2018.10.28"]
[Round "2.5"]
[White "Orvisky, Vladimir"]
[Black "Likavska, Barbora"]
[Result "1-0"]
[WhiteElo "1726"]
[BlackElo "1840"]
[PlyCount "57"]
[EventDate "2018.??.??"]
[WhiteTeam "Å K KÃºpele PieÅ¡Å¥any C"]
[BlackTeam "CVÄŒ BrezovÃ¡ pod Bradlom"]

1. c4 Nf6 2. Nc3 g6 3. g3 Bg7 4. Nf3 d6 5. d4 O-O 6. Bg2 a6 7. O-O Nbd7 8. Bf4
Re8 9. Qd2 c5 10. Bh6 e6 11. Rfd1 Qe7 12. Bxg7 Kxg7 13. Ng5 h6 14. Nge4 Rb8 15.
dxc5 dxc5 16. Nd6 Rh8 17. Nce4 Nxe4 18. Bxe4 Ne5 19. f4 Ng4 20. Qc3+ Qf6 21.
Qf3 h5 22. h3 Nh6 23. b3 b6 24. Rac1 Nf5 25. Bxf5 exf5 26. Qc6 h4 27. Ne8+ Rxe8
28. Qxe8 hxg3 29. Rd8 1-0

[Event "SR 4. liga A21 2018/2019"]
[Site "?"]
[Date "2018.10.28"]
[Round "2.5"]
[White "Skapik, Branislav"]
[Black "Siska, Kristof"]
[Result "0-1"]
[WhiteElo "1780"]
[BlackElo "1663"]
[PlyCount "58"]
[EventDate "2018.??.??"]
[WhiteTeam "CVÄŒ BrezovÃ¡ pod Bradlom"]
[BlackTeam "Å K KÃºpele PieÅ¡Å¥any C"]

1. c4 e5 2. Nc3 Nf6 3. d3 c6 4. Nf3 d5 5. Nxe5 d4 6. Nb1 Qa5+ 7. Nd2 Qxe5 8.
Nf3 Qa5+ 9. Bd2 Qb6 10. Rb1 c5 11. g3 Nc6 12. Bg2 Be7 13. O-O O-O 14. a3 Bg4
15. Qe1 a5 16. e4 Qb3 17. e5 Nd7 18. Ng5 Bxg5 19. Bxg5 h6 20. Bxc6 bxc6 21. Qe4
hxg5 22. Qxg4 Nxe5 23. Qe4 Rfe8 24. Rfd1 g4 25. Kg2 Rac8 26. h3 gxh3+ 27. Kxh3
Re6 28. Kg2 Rce8 29. Rh1 Qxd3 0-1

[Event "SR 4. liga A21 2018/2019"]
[Site "?"]
[Date "2018.10.28"]
[Round "2.5"]
[White "Nedorost, Lubomir"]
[Black "Sadlon, Matus"]
[Result "0-1"]
[WhiteElo "1627"]
[BlackElo "1681"]
[PlyCount "142"]
[EventDate "2018.??.??"]
[WhiteTeam "Å K KÃºpele PieÅ¡Å¥any C"]
[BlackTeam "CVÄŒ BrezovÃ¡ pod Bradlom"]

1. e4 e5 2. Nc3 Nf6 3. Bc4 c6 4. d3 Be7 5. f4 d6 6. Nf3 Bg4 7. fxe5 dxe5 8. O-O
O-O 9. Qe1 Nbd7 10. Qg3 a5 11. a4 Bxf3 12. Rxf3 Nh5 13. Qf2 Nf4 14. Kh1 Bc5 15.
Be3 Qb6 16. Bxc5 Nxc5 17. Rb1 Rad8 18. Ne2 Nxa4 19. Nxf4 Qxf2 20. Rxf2 exf4 21.
Rxf4 b5 22. Ba2 Nc5 23. Rbf1 Rd7 24. e5 Re7 25. d4 Ne6 26. Rg4 Rd8 27. c3 Nc7
28. Rgf4 Nd5 29. R4f3 a4 30. Rh3 c5 31. Bb1 h6 32. Rh4 Ne3 33. Re1 cxd4 34.
Rxd4 Rxd4 35. cxd4 Nc4 36. Bd3 Nxb2 37. Bxb5 a3 38. d5 Kf8 39. d6 Ra7 40. Rc1
Ra8 41. d7 Rd8 42. Ra1 Ke7 43. Rxa3 Rb8 44. Rb3 Ra8 45. h3 Nd1 46. Bc6 Rd8 47.
Rb7 Ne3 48. Rc7 Nc4 49. e6 fxe6 50. Bb5 Ne5 51. Rc8 Nxd7 52. Rxd8 Kxd8 53. Kh2
Ne5 54. h4 Ke7 55. h5 Kf6 56. Kh3 Kg5 57. Be2 Nc6 58. g4 Kf4 59. Bd1 Nd4 60.
Kg2 Ke3 61. Kg3 e5 62. Kh4 Kf4 63. Kh3 e4 64. Kg2 Ke3 65. Kg3 Kd2 66. Kf4 e3
67. Ke4 Ne2 68. Ba4 Nc3+ 69. Kf5 e2 70. Kg6 e1=Q 71. Kxg7 Qe3 0-1

[Event "SR 4. liga A21 2018/2019"]
[Site "?"]
[Date "2018.10.28"]
[Round "2.6"]
[White "Zlamal, Marek"]
[Black "Diviak, Rastislav"]
[Result "1/2-1/2"]
[WhiteElo "1847"]
[BlackElo "1977"]
[PlyCount "136"]
[EventDate "2018.??.??"]
[WhiteTeam "Å achovÃ½ klub HolÃ­Ä� B"]
[BlackTeam "CVÄŒ Senica B"]

1. e4 d6 2. Nf3 Nf6 3. Nc3 c5 4. d4 cxd4 5. Nxd4 a6 6. a4 b6 7. Bd3 e5 8. Nf3
Bb7 9. O-O Be7 10. Bg5 Nbd7 11. Re1 O-O 12. Bxf6 Nxf6 13. Nd5 Nxd5 14. exd5 f5
15. Bc4 Bf6 16. c3 Qc7 17. Bb3 Qc5 18. Re2 Rae8 19. Qd2 h6 20. Rd1 e4 21. Rde1
Kf7 22. Nd4 Bxd4 23. cxd4 Qc7 24. Qf4 Kg8 25. f3 Bc8 26. Qh4 Qf7 27. fxe4 Rxe4
28. Rxe4 fxe4 29. h3 Bf5 30. Qf4 Qf6 31. Qe3 Bg6 32. Bc4 a5 33. Rf1 Qe7 34.
Rxf8+ Qxf8 35. g3 Qc8 36. Bf1 Qc2 37. Qa3 Qd2 38. Qxd6 Qxd4+ 39. Kh2 Qf2+ 40.
Bg2 Kh7 41. Qf4 Qxf4 42. gxf4 e3 43. Kg3 Kg8 44. d6 Kf7 45. Bd5+ Kf6 46. Kf3
Be8 47. Bb3 g5 48. Kxe3 Bd7 49. fxg5+ hxg5 50. Kd4 Bxh3 51. Bd5 Bd7 52. b3 g4
53. Ke4 g3 54. Kf4 Be6 55. Bc6 Bxb3 56. Kxg3 Ke6 57. d7 Ke7 58. Kf4 Be6 59. Ke5
Bxd7 60. Kd5 Be6+ 61. Ke5 Bc4 62. Kd4 Kd6 63. Be8 Bd5 64. Bg6 Bc6 65. Bc2 b5
66. axb5 Bxb5 67. Bb3 a4 68. Bxa4 Bxa4 1/2-1/2

[Event "SR 4. liga A21 2018/2019"]
[Site "?"]
[Date "2018.10.28"]
[Round "2.6"]
[White "Diviak, Rudolf"]
[Black "Vach, Jozef"]
[Result "1/2-1/2"]
[WhiteElo "1730"]
[BlackElo "1711"]
[PlyCount "118"]
[EventDate "2018.??.??"]
[WhiteTeam "CVÄŒ Senica B"]
[BlackTeam "Å achovÃ½ klub HolÃ­Ä� B"]

1. e4 e5 2. Nf3 Nc6 3. Bc4 Be7 4. c3 d6 5. Bb3 Bg4 6. d3 Bxf3 7. Qxf3 Nf6 8.
O-O O-O 9. Nd2 Na5 10. Bc2 c5 11. a3 Qc7 12. Re1 Rac8 13. b3 b6 14. Nf1 Rfd8
15. Bg5 Ne8 16. Bd2 Bf8 17. Ng3 Qe7 18. Nf5 Qf6 19. Qg3 Qg6 20. Bg5 f6 21. Be3
Qxg3 22. Nxg3 g6 23. b4 Nc6 24. Bb3+ Kg7 25. Rac1 Nc7 26. Rf1 Ne7 27. f4 Nc6
28. f5 Be7 29. Rfd1 Rf8 30. Bc4 Nd8 31. a4 a6 32. Bb3 Ne8 33. Bc4 Nc7 34. bxc5
dxc5 35. Rb1 Rb8 36. d4 exd4 37. cxd4 Nc6 38. dxc5 b5 39. axb5 axb5 40. Bb3
Rfd8 41. Bd5 Ne5 42. Kf1 Nd7 43. c6 Nb6 44. Bb3 Rd6 45. Bf4 Rxc6 46. Rbc1 Nc4
47. Rd7 Kf8 48. Rxc7 Rxc7 49. Bxc7 Nd2+ 50. Kf2 Nxb3 51. Rc3 Rc8 52. Rxb3 Rxc7
53. Rxb5 Kg7 54. Rb2 Bc5+ 55. Kf3 Bd4 56. Ra2 Rc3+ 57. Ke2 Rb3 58. Rc2 Be5 59.
Nf1 Rb4 1/2-1/2

[Event "SR 4. liga A21 2018/2019"]
[Site "?"]
[Date "2018.10.28"]
[Round "2.6"]
[White "Stehlik, Jan"]
[Black "Hrdlicka, Martin"]
[Result "1/2-1/2"]
[WhiteElo "1604"]
[BlackElo "1545"]
[PlyCount "58"]
[EventDate "2018.??.??"]
[WhiteTeam "Å achovÃ½ klub HolÃ­Ä� B"]
[BlackTeam "CVÄŒ Senica B"]

1. e4 e5 2. Nf3 Nc6 3. Bc4 Bc5 4. c3 Nf6 5. d3 O-O 6. O-O d6 7. Bg5 Be6 8. Nbd2
Na5 9. Bxe6 fxe6 10. b4 Bxb4 11. cxb4 Nc6 12. Qb3 Qe8 13. Bxf6 Rxf6 14. a4 Qh5
15. b5 Ne7 16. Qd1 Raf8 17. Ne1 Qh4 18. Qe2 Rh6 19. Nef3 Qh5 20. Rfe1 Ng6 21.
Nf1 Nf4 22. Qe3 Nxg2 23. Kxg2 Qh3+ 24. Kh1 Rxf3 25. Qd2 Rxd3 26. Qe2 Rf3 27.
Qd2 Rd3 28. Qe2 Rf3 29. Qd2 Rd3 1/2-1/2

[Event "SR 4. liga A21 2018/2019"]
[Site "?"]
[Date "2018.10.28"]
[Round "2.6"]
[White "Trojkova, Michaela"]
[Black "Holiencin, Filip"]
[Result "1-0"]
[WhiteElo "1675"]
[BlackElo "1721"]
[PlyCount "101"]
[EventDate "2018.??.??"]
[WhiteTeam "CVÄŒ Senica B"]
[BlackTeam "Å achovÃ½ klub HolÃ­Ä� B"]

1. e4 c5 2. Nf3 d6 3. d4 cxd4 4. Nxd4 Nf6 5. Nc3 a6 6. Be2 e5 7. Nb3 Be6 8. f4
Qc7 9. Be3 Be7 10. Qd2 O-O 11. f5 Bc4 12. g4 Bxe2 13. Qxe2 d5 14. exd5 Bb4 15.
Bd2 Bxc3 16. Bxc3 Nxd5 17. Bxe5 Qe7 18. Bxb8 Qxe2+ 19. Kxe2 Raxb8 20. c3 Rfe8+
21. Kd2 Ne3 22. h3 Nc4+ 23. Kc2 Ne3+ 24. Kd3 Rbd8+ 25. Nd4 b5 26. Rae1 Nd5 27.
Rxe8+ Rxe8 28. Rh2 Nf4+ 29. Kd2 Kf8 30. Ne2 Rd8+ 31. Kc2 Nd3 32. Nd4 Nf4 33. h4
Ke8 34. Rf2 Nd5 35. Re2+ Kd7 36. Nf3 Kc7 37. Ng5 h6 38. Nxf7 Rd7 39. Nh8 Nf6
40. g5 hxg5 41. hxg5 Nd5 42. Re6 a5 43. f6 gxf6 44. gxf6 Rh7 45. f7 Rxh8 46.
Re8 Rh2+ 47. Kd1 Rh1+ 48. Kd2 Rh2+ 49. Ke1 Rh1+ 50. Kf2 Rh2+ 51. Kg1 1-0

[Event "SR 4. liga A21 2018/2019"]
[Site "?"]
[Date "2018.10.28"]
[Round "2.6"]
[White "Sefcik, Oliver"]
[Black "Drozd, Jan"]
[Result "0-1"]
[WhiteElo "1110"]
[BlackElo "1519"]
[PlyCount "108"]
[EventDate "2018.??.??"]
[WhiteTeam "Å achovÃ½ klub HolÃ­Ä� B"]
[BlackTeam "CVÄŒ Senica B"]

1. e4 c5 2. Nc3 Nc6 3. f4 d6 4. Bb5 Bd7 5. Bxc6 Bxc6 6. Nf3 Nf6 7. d3 e6 8. O-O
Be7 9. Qe1 O-O 10. Qg3 Rc8 11. f5 exf5 12. exf5 Kh8 13. Qh3 Kg8 14. g4 Nd5 15.
Nxd5 Bxd5 16. c4 Bc6 17. d4 Bxf3 18. Rxf3 cxd4 19. b3 d5 20. cxd5 Qxd5 21. Qg3
Bd6 22. Qg2 d3 23. Bb2 Rc2 24. Rf2 Qc5 25. Kf1 Rxf2+ 26. Qxf2 Qxf2+ 27. Kxf2
Bxh2 28. Rd1 Rd8 29. Ke3 Re8+ 30. Kxd3 Rd8+ 31. Ke2 Rxd1 32. Kxd1 g6 33. f6 h5
34. gxh5 gxh5 35. Ke2 Kh7 36. Bd4 a6 37. Kf3 Kg6 38. Kg2 Bc7 39. Kh3 Kg5 40.
Bc3 Bd8 41. Be5 Bxf6 42. Bg3 Kg6 43. Bf2 Be5 44. Be3 f5 45. Kh4 f4 46. Bxf4
Bxf4 47. a4 b5 48. Kh3 Kg5 49. axb5 axb5 50. Kg2 h4 51. Kh3 Bg3 52. Kg2 Kf4 53.
Kf1 Ke3 54. Kg2 Kd3 0-1

[Event "SR 4. liga A21 2018/2019"]
[Site "?"]
[Date "2018.11.11"]
[Round "3.1"]
[White "Ocko, Martin"]
[Black "Valigursky, Michal"]
[Result "1-0"]
[WhiteElo "1995"]
[BlackElo "1659"]
[PlyCount "45"]
[EventDate "2018.??.??"]
[WhiteTeam "CVÄŒ Senica B"]
[BlackTeam "Å K Å tefanov"]

1. d4 d5 2. Nf3 Nf6 3. g3 Bf5 4. Bg2 c6 5. O-O e6 6. b3 Bd6 7. Bb2 O-O 8. Nbd2
Nbd7 9. c4 Re8 10. Ne5 Bxe5 11. dxe5 Ng4 12. e4 dxe4 13. Nxe4 Ngxe5 14. Nd6 Qf6
15. Nxe8 Qh6 16. h3 Rxe8 17. Bxe5 Nxe5 18. Qc1 Qf6 19. Qe3 b6 20. Rad1 Ng6 21.
Bxc6 Rc8 22. Bg2 h6 23. g4 1-0

[Event "SR 4. liga A21 2018/2019"]
[Site "?"]
[Date "2018.11.11"]
[Round "3.1"]
[White "Hrdlicka, Martin"]
[Black "Wallner, Juraj"]
[Result "0-1"]
[WhiteElo "1492"]
[BlackElo "1568"]
[PlyCount "72"]
[EventDate "2018.??.??"]
[WhiteTeam "CVÄŒ Senica B"]
[BlackTeam "Å K Å tefanov"]

1. e4 c5 2. Nf3 e6 3. d4 d5 4. exd5 exd5 5. Nc3 Nf6 6. Bg5 cxd4 7. Nxd4 Bb4 8.
Qe2+ Kf8 9. Qd3 Nc6 10. Be2 h6 11. Bd2 Qb6 12. Nb3 Be6 13. O-O Rd8 14. Na4 Qc7
15. Nac5 Bxd2 16. Nxe6+ fxe6 17. Qxd2 Ke7 18. Rae1 Rhf8 19. Bd3 Ng4 20. g3 Nge5
21. Qe2 Nf3+ 22. Kh1 Nxe1 23. Rxe1 Qd6 24. c4 Rf6 25. Qg4 g5 26. c5 Qd7 27. f4
Rg8 28. f5 e5 29. Nd4 e4 30. Bxe4 dxe4 31. Rxe4+ Kf7 32. Qh5+ Kg7 33. Ne6+ Kh7
34. h4 gxh4 35. Rxh4 Qd5+ 36. Kh2 Qxf5 0-1

[Event "SR 4. liga A21 2018/2019"]
[Site "?"]
[Date "2018.11.11"]
[Round "3.1"]
[White "Tomasovic, Roman"]
[Black "Drozd, Jan"]
[Result "1/2-1/2"]
[WhiteElo "1554"]
[BlackElo "1521"]
[PlyCount "52"]
[EventDate "2018.??.??"]
[WhiteTeam "Å K Å tefanov"]
[BlackTeam "CVÄŒ Senica B"]

1. d4 Nf6 2. c4 e6 3. e3 Bb4+ 4. Bd2 Bxd2+ 5. Nxd2 d5 6. Ngf3 c6 7. Bd3 Nbd7 8.
cxd5 cxd5 9. O-O O-O 10. Qb3 b6 11. Rfc1 Bb7 12. Rc3 Rc8 13. Rac1 Rxc3 14. Rxc3
h6 15. Qc2 Ne8 16. Qa4 a5 17. Bb5 Ndf6 18. Ne5 Nd6 19. Bd3 Re8 20. Qc2 Re7 21.
Nc6 Bxc6 22. Rxc6 Nfe8 23. Nf3 Rc7 24. Ne5 f6 25. Rxc7 Qxc7 26. Qxc7 Nxc7
1/2-1/2

[Event "SR 4. liga A21 2018/2019"]
[Site "?"]
[Date "2018.11.11"]
[Round "3.1"]
[White "Oslej, Marek"]
[Black "Fajtakova, Silvia"]
[Result "0-1"]
[WhiteElo "1251"]
[BlackElo "1362"]
[PlyCount "108"]
[EventDate "2018.??.??"]
[WhiteTeam "CVÄŒ Senica B"]
[BlackTeam "Å K Å tefanov"]

1. e4 e5 2. Nf3 Nc6 3. Bc4 Be7 4. c3 Nf6 5. d3 O-O 6. O-O h6 7. Be3 d6 8. h3
Na5 9. Bb5 c6 10. Ba4 b5 11. Bc2 Qc7 12. Re1 d5 13. Nbd2 Bb7 14. b4 d4 15. Nf1
dxe3 16. Nxe3 Bd6 17. bxa5 Qxa5 18. d4 Qxc3 19. dxe5 Bxe5 20. Nxe5 Qxe5 21. Nf1
Rad8 22. Qf3 c5 23. Ng3 a6 24. a3 Qb2 25. Qb3 Qxb3 26. Bxb3 c4 27. Bc2 Rd2 28.
Ra2 Re8 29. e5 Nd5 30. Bh7+ Kxh7 31. Rxd2 a5 32. Ne4 Bc6 33. Nd6 Re7 34. Nc8
Rc7 35. Nd6 Nf4 36. Ne4 Nd3 37. Re3 Re7 38. Rde2 Rxe5 39. Nd6 Rc5 40. Ne4 Bxe4
41. Rxe4 c3 42. Rc2 b4 43. axb4 axb4 44. Rd4 b3 45. Re2 c2 46. Rxd3 c1=Q+ 47.
Kh2 Qf4+ 48. g3 Qb4 49. Rf3 Rc2 50. Re5 Qd4 51. Ref5 b2 52. Rxf7 b1=Q 53. R3f4
Qdd1 54. h4 Qh1# 0-1

[Event "SR 4. liga A21 2018/2019"]
[Site "?"]
[Date "2018.11.11"]
[Round "3.2"]
[White "Sadlon, Juraj"]
[Black "Zlamal, Marek"]
[Result "0-1"]
[WhiteElo "1889"]
[BlackElo "1848"]
[PlyCount "40"]
[EventDate "2018.??.??"]
[WhiteTeam "CVÈ Brezová pod Bradlom"]
[BlackTeam "Šachový klub Holíè B"]

1. e4 e5 2. Nf3 Nc6 3. Bb5 d6 4. O-O Be7 5. c3 Nf6 6. Re1 O-O 7. d3 h6 8. Nbd2
Nh7 9. Nf1 f5 10. exf5 Bxf5 11. Ne3 Bg6 12. Nd5 Bh5 13. Qb3 Kh8 14. Bxc6 bxc6
15. Nxe7 Qxe7 16. Nd2 Qh4 17. Ne4 Nf6 18. Ng3 Ng4 19. Be3 Qxh2+ 20. Kf1 Qxg3
0-1

[Event "SR 4. liga A21 2018/2019"]
[Site "?"]
[Date "2018.11.11"]
[Round "3.2"]
[White "Husek, Lubomir"]
[Black "Pericka, Pavol"]
[Result "1-0"]
[WhiteElo "1835"]
[BlackElo "1790"]
[PlyCount "56"]
[EventDate "2018.??.??"]
[WhiteTeam "Šachový klub Holíè B"]
[BlackTeam "CVÈ Brezová pod Bradlom"]

1. e4 e5 2. Nf3 Nc6 3. Bb5 a6 4. Ba4 Be7 5. c3 Nf6 6. d3 d6 7. h3 O-O 8. O-O
Be6 9. Re1 Qc8 10. Kh2 Bd7 11. Nbd2 d5 12. Nf1 dxe4 13. dxe4 Rd8 14. Qe2 h6 15.
Ng3 b5 16. Bc2 Be6 17. b3 b4 18. Bb2 Nd7 19. c4 f6 20. Rad1 Nf8 21. Rxd8 Qxd8
22. Rd1 Qe8 23. Nh4 Ng6 24. Nxg6 Qxg6 25. Qf3 Bc5 26. Nf5 Bxf5 27. exf5 Qe8 28.
Be4 Nd4 1-0

[Event "SR 4. liga A21 2018/2019"]
[Site "?"]
[Date "2018.11.11"]
[Round "3.2"]
[White "Sadlon, Matus"]
[Black "Hrubos, Milan"]
[Result "0-1"]
[WhiteElo "1698"]
[BlackElo "1731"]
[PlyCount "116"]
[EventDate "2018.??.??"]
[WhiteTeam "CVÈ Brezová pod Bradlom"]
[BlackTeam "Šachový klub Holíè B"]

1. e4 e5 2. Nf3 Nc6 3. Bb5 a6 4. Ba4 Nf6 5. O-O Be7 6. Re1 b5 7. Bb3 d6 8. c3
Na5 9. Bc2 c5 10. d4 Qc7 11. Nbd2 O-O 12. Nf1 Bg4 13. Ng3 Rac8 14. d5 Nc4 15.
h3 Bxf3 16. Qxf3 g6 17. b3 Nb6 18. Bh6 Rfe8 19. Qe3 a5 20. f4 c4 21. b4 axb4
22. cxb4 Nbd7 23. f5 Qb6 24. Qxb6 Nxb6 25. Re3 Nfxd5 26. exd5 Nxd5 27. Rf3 Nxb4
28. Bd1 d5 29. a3 Nc6 30. Rf1 Bc5+ 31. Kh1 e4 32. Bg4 Rc7 33. Rab1 b4 34. axb4
Nxb4 35. Bf4 Ra7 36. Rxb4 Bxb4 37. Rd1 c3 38. Rxd5 c2 39. Ne2 Ra1+ 40. Kh2 Rd1
41. Rb5 Ba3 42. Rb3 Bd6 43. Bxd6 Rxd6 44. Rc3 Rd2 45. Ng3 e3 46. Be2 gxf5 47.
Nh5 Rxe2 48. Nf6+ Kf8 49. Nxe8 Kxe8 50. Kg3 Ke7 51. Kf3 Rf2+ 52. Kxe3 Rxg2 53.
Kf4 Kf6 54. Rc6+ Kg7 55. Rc3 Kg6 56. Rc6+ f6 57. Kf3 Rh2 58. Kg3 Rd2 0-1

[Event "SR 4. liga A21 2018/2019"]
[Site "?"]
[Date "2018.11.11"]
[Round "3.2"]
[White "Vach, Jozef"]
[Black "Mysicka, Miroslav"]
[Result "0-1"]
[WhiteElo "1696"]
[BlackElo "1683"]
[Annotator "Pery,Tom"]
[PlyCount "72"]
[EventDate "2018.??.??"]
[WhiteTeam "Šachový klub Holíè B"]
[BlackTeam "CVÈ Brezová pod Bradlom"]

1. e4 c5 2. Nf3 Nc6 3. d4 cxd4 4. Nxd4 Nf6 5. Nc3 e5 6. Nf5 h6 7. Nd6+ Bxd6 8.
Qxd6 Qe7 9. Nb5 O-O 10. Qxe7 Nxe7 11. Nd6 Ne8 12. Nxe8 Rxe8 13. c4 b6 14. b3
Bb7 15. f3 f5 16. Bd3 fxe4 17. fxe4 Ng6 18. g3 Nf8 19. Bb2 Ne6 20. O-O-O Nc5
21. Rhe1 Rac8 22. Bc2 Rc7 23. Kb1 a5 24. Rd2 Bc6 25. Rf2 Rb8 26. Rf5 d6 27. Rf2
b5 28. cxb5 Rxb5 29. Rd2 a4 30. Rxd6 axb3 31. axb3 Bb7 32. Bd3 Nxd3 33. Rxd3
Rb4 34. Rde3 Kf7 35. Ba3 Rb6 36. Bd6 Rxd6 {
partia sa nedala dalej zrekonstruovat} 0-1

[Event "SR 4. liga A21 2018/2019"]
[Site "?"]
[Date "2018.11.11"]
[Round "3.2"]
[White "Brath, Zdeno"]
[Black "Stehlik, Jan"]
[Result "0-1"]
[WhiteElo "1518"]
[BlackElo "1576"]
[PlyCount "64"]
[EventDate "2018.??.??"]
[WhiteTeam "CVÈ Brezová pod Bradlom"]
[BlackTeam "Šachový klub Holíè B"]

1. e4 e6 2. Nc3 d5 3. e5 c5 4. Nf3 Nc6 5. Bb5 Nge7 6. d4 a6 7. Bxc6+ Nxc6 8.
Be3 cxd4 9. Bxd4 Be7 10. O-O O-O 11. Ne2 Bd7 12. c3 Nxd4 13. cxd4 f6 14. Ng3
fxe5 15. Nxe5 Bf6 16. f4 Bxe5 17. fxe5 Bb5 18. Rxf8+ Qxf8 19. a4 Bd7 20. Qg4
Qe7 21. Rf1 Rf8 22. Rxf8+ Kxf8 23. b3 Be8 24. Ne2 Bg6 25. Nf4 Bf5 26. Qf3 Kg8
27. Nxd5 Qd7 28. Ne3 Qxd4 29. Qg3 Bc2 30. Kf1 Bxb3 31. Ng4 Qd1+ 32. Kf2 Qd2+
0-1